La nave del mal / (Record no. 121689)

MARC details
000 -LEADER
campo de control de longitud fija 00507nam a2200169 4500
001 - NÚMERO DE CONTROL
campo de control 121689
003 - IDENTIFICADOR DE NÚMERO DE CONTROL
campo de control ES-MaACL
005 - FECHA Y HORA DE LA ÚLTIMA TRANSACCIÓN
campo de control 20230906191812.0
007 - CAMPO FIJO DE DESCRIPCIÓN FÍSICA--INFORMACIÓN GENERAL
campo de control de longitud fija t|
008 - DATOS DE LONGITUD FIJA--INFORMACIÓN GENERAL
campo de control de longitud fija 070214s1963 sp r ||||1| spa d
100 1# - ENTRADA PRINCIPAL--NOMBRE DE PERSONA
Nombre de persona Porter, Katherine Anne.
9 (RLIN) 93230
245 13 - MENCIÓN DEL TÍTULO
Título La nave del mal /
Mención de responsabilidad, etc. Katherine Anne Porter ; versión española de Baldomero Porta.
260 ## - PUBLICACIÓN, DISTRIBUCIÓN, ETC.
Lugar de publicación, distribución, etc. Barcelona :
Nombre del editor, distribuidor, etc. Bruguera,
Fecha de publicación, distribución, etc. 1963.
300 ## - DESCRIPCIÓN FÍSICA
Extensión 533 p. ;
Dimensiones 24 cm.
700 1# - ENTRADA AGREGADA--NOMBRE PERSONAL
Nombre de persona Porta, Baldomero.
9 (RLIN) 93173
852 ## - LOCALIZACIÓN
Ubicación ES-MaACL
Número de control de estantería C-23658
Sublocalización o colección R.52109
Holdings
Estatus retirado Estado de pérdida Estado de daño No para préstamo Biblioteca de origen Biblioteca actual Ubicación en estantería Fecha de adquisición Fuente de adquisición Total de préstamos Signatura topográfica completa Código de barras Visto por última vez Precio de reemplazo Tipo de ítem Koha
        Biblioteca del Ateneo de Madrid Biblioteca del Ateneo de Madrid Depósito 2 17/01/2008     C-23658 1126814 23/02/2023 23/02/2023 Libro impreso